[Event "Titled Tuesday intern op 13th Feb Early"]
[Site "Chess.com INT"]
[Date "2024.02.13"]
[Round "3"]
[White "Rodriguez Santiago, Jaime"]
[Black "Vardanyan, Aras"]
[Result "0-1"]
[WhiteElo "2044"]
[BlackElo "2299"]
[PlyCount "96"]
[EventDate "2024.02.13"]
[EventType "swiss (blitz)"]
[EventRounds "11"]
[EventCountry "USA"]
[SourceTitle "CB08_2024"]
[SourceDate "2024.02.21"]
[SourceVersion "1"]
[SourceVersionDate "2024.02.21"]
[SourceQuality "1"]

1. d4 Nf6 2. c4 a6 3. Nc3 c5 4. d5 b5 5. cxb5 axb5 6. Nxb5 Ne4 7. Nc3 Nxc3 8. bxc3 g6 9. Bd2 Bg7 10. e4 0-0 11. Nf3 d6 12. Bd3 Qa5 13. Qc2 Bg4 14. 0-0 Bxf3 15. gxf3 Nd7 16. c4 Qa3 17. Rab1 Ne5 18. Rb3 Qxa2 19. Kg2 Qxc2 20. Bxc2 Ra2 21. Rc1 Nxc4 22. Bg5 Bb2 23. Rb1 Bf6 24. Bxf6 exf6 25. Bd3 Nd2 26. R1b2 Nxb3 27. Rxa2 Nc1 28. Rd2 Rb8 29. Bc4 Rb4 30. Rc2 Nb3 31. Bxb3 Rxb3 32. Rc4 Rb4 33. Rc3 Kg7 34. Kf1 f5 35. Re3 Kf6 36. Ke2 f4 37. Rc3 Ke5 38. Kd2 Rb2+ 39. Ke1 f5 40. h4 fxe4 41. fxe4 Kxe4 42. Rh3 Kxd5 43. h5 g5 44. h6 c4 45. Rh5 Kd4 46. Rxg5 c3 47. Rg7 Rb1+ 48. Ke2 c2 0-1

[Event "Titled Tuesday intern op 16th Jan Early"]
[Site "Chess.com INT"]
[Date "2024.01.16"]
[Round "2"]
[White "Iljin, Timofey"]
[Black "Rodriguez Santiago, Jaime"]
[Result "1-0"]
[WhiteElo "2285"]
[BlackElo "2038"]
[PlyCount "45"]
[EventDate "2024.01.16"]
[EventType "swiss (blitz)"]
[EventRounds "11"]
[EventCountry "USA"]
[SourceTitle "CB04_2024"]
[SourceDate "2023.10.16"]
[SourceVersion "1"]
[SourceVersionDate "2023.10.16"]
[SourceQuality "1"]

1. e4 c6 2. d4 d5 3. e5 Bf5 4. h4 h5 5. Bg5 Qa5+ 6. c3 e6 7. Bd3 Bxd3 8. Qxd3 c5 9. Nd2 cxd4 10. cxd4 Qa6 11. Qf3 Nc6 12. Ne2 Nge7 13. 0-0 Nf5 14. Nb3 Rc8 15. Rfd1 b6 16. Ng3 g6 17. Bf6 Rg8 18. Nxf5 gxf5 19. Qxh5 Rg4 20. Rac1 Nb4 21. Rxc8+ Qxc8 22. Rc1 Qa6 23. Rc7 1-0

[Event "Titled Tuesday intern op 16th Jan Early"]
[Site "Chess.com INT"]
[Date "2024.01.16"]
[Round "9"]
[White "Ovezdurdiyeva, Jemal"]
[Black "Rodriguez Santiago, Jaime"]
[Result "1-0"]
[WhiteElo "2057"]
[BlackElo "2038"]
[PlyCount "95"]
[EventDate "2024.01.16"]
[EventType "swiss (blitz)"]
[EventRounds "11"]
[EventCountry "USA"]
[SourceTitle "CB04_2024"]
[SourceDate "2023.10.16"]
[SourceVersion "1"]
[SourceVersionDate "2023.10.16"]
[SourceQuality "1"]

1. e4 c6 2. d4 d5 3. Nc3 dxe4 4. Nxe4 Nf6 5. Ng3 h5 6. h4 c5 7. Be3 Nc6 8. N1e2 cxd4 9. Nxd4 Nxd4 10. Qxd4 Qa5+ 11. Bd2 Qd5 12. Bc3 Bd7 13. 0-0-0 Qxd4 14. Bxd4 e6 15. Be2 Bc6 16. Bxf6 gxf6 17. Nxh5 Bh6+ 18. Kb1 Bxg2 19. Nxf6+ Ke7 20. Rhg1 Kxf6 21. Rxg2 Rad8 22. Bd3 e5 23. Re1 Bf4 24. Rh1 Rh6 25. h5 Rdh8 26. Be2 Ke6 27. Bf3 b6 28. c4 f5 29. Rg7 e4 30. Bd1 a5 31. Rb7 Ke5 32. Rd7 Bg5 33. Rd5+ Kf4 34. Kc2 Rf8 35. Rh3 Bf6 36. Rb3 Be5 37. Rbb5 Bc7 38. c5 bxc5 39. Rbxc5 Bb8 40. Rc3 Be5 41. Ra3 Rb8 42. Rb3 Rc8+ 43. Kd2 a4 44. Rbb5 Re6 45. Bxa4 Rf8 46. Bd1 Kg5 47. Rxe5 Rd6+ 48. Red5 1-0

[Event "Titled Tuesday intern op 16th Jan Early"]
[Site "Chess.com INT"]
[Date "2024.01.16"]
[Round "11"]
[White "Rodriguez Santiago, Jaime"]
[Black "Begunov, Konstantin"]
[Result "1-0"]
[WhiteElo "2038"]
[BlackElo "2325"]
[PlyCount "67"]
[EventDate "2024.01.16"]
[EventType "swiss (blitz)"]
[EventRounds "11"]
[EventCountry "USA"]
[SourceTitle "CB04_2024"]
[SourceDate "2023.10.16"]
[SourceVersion "1"]
[SourceVersionDate "2023.10.16"]
[SourceQuality "1"]

1. c4 c6 2. d4 d5 3. cxd5 cxd5 4. Bf4 Nf6 5. Nc3 Nc6 6. e3 a6 7. Be2 Bf5 8. g4 Be4 9. Bf3 Bxf3 10. Qxf3 Nb4 11. Kf1 e6 12. a3 Nd3 13. Qe2 Nxf4 14. exf4 Bd6 15. f5 0-0 16. g5 Ne4 17. Nxe4 dxe4 18. fxe6 Qxg5 19. Qxe4 Rae8 20. Nf3 Qh5 21. Rg1 Qh3+ 22. Rg2 fxe6 23. Ng5 Qh5 24. Nxe6 Rf7 25. d5 Bc5 26. Kg1 Rfe7 27. Re1 Bd6 28. Qg4 Qf7 29. f4 g6 30. f5 Kh8 31. fxg6 hxg6 32. Qxg6 Bc5+ 33. Kh1 Qxg6 34. Rxg6 1-0

[Event "Titled Tuesday intern op 09th Jan Early"]
[Site "Chess.com INT"]
[Date "2024.01.09"]
[Round "6"]
[White "Rodriguez Santiago, Jaime"]
[Black "Kleiman, Jake"]
[Result "0-1"]
[WhiteElo "2038"]
[BlackElo "2399"]
[PlyCount "62"]
[EventDate "2024.01.09"]
[EventType "swiss (blitz)"]
[EventRounds "11"]
[EventCountry "USA"]
[SourceTitle "CB03_2024"]
[SourceDate "2024.01.17"]
[SourceVersion "1"]
[SourceVersionDate "2024.01.17"]
[SourceQuality "1"]

1. d4 Nf6 2. c4 e6 3. Nf3 Bb4+ 4. Bd2 Bxd2+ 5. Nbxd2 0-0 6. e4 d6 7. Bd3 e5 8. d5 a5 9. 0-0 Na6 10. h3 Nc5 11. Bc2 Qe7 12. b3 Nh5 13. Re1 Nf4 14. Nf1 Qf6 15. Ng3 Bd7 16. a3 g6 17. Rb1 h5 18. b4 axb4 19. axb4 Na4 20. Rb3 b5 21. cxb5 Bxb5 22. Qd2 Nb6 23. Qc3 Ra7 24. h4 Rfa8 25. Ng5 Bc4 26. Rbb1 Ra3 27. Qd2 Ra2 28. Qd1 R8a3 29. Bb3 Rxf2 30. Kxf2 Nh3+ 31. Ke3 Qf4# 0-1

[Event "Titled Tuesday intern op 09th Jan Early"]
[Site "Chess.com INT"]
[Date "2024.01.09"]
[Round "4"]
[White "Rodriguez Santiago, Jaime"]
[Black "Rustamov, Rustam"]
[Result "1-0"]
[WhiteElo "2038"]
[BlackElo "2261"]
[PlyCount "115"]
[EventDate "2024.01.09"]
[EventType "swiss (blitz)"]
[EventRounds "11"]
[EventCountry "USA"]
[SourceTitle "CB03_2024"]
[SourceDate "2024.01.17"]
[SourceVersion "1"]
[SourceVersionDate "2024.01.17"]
[SourceQuality "1"]

1. d4 Nf6 2. c4 e6 3. Nf3 d5 4. Nc3 Bb4 5. cxd5 exd5 6. Bg5 h6 7. Bh4 g5 8. Bg3 Ne4 9. Qc2 h5 10. h4 Nxg3 11. fxg3 g4 12. Nd2 Nc6 13. e3 Bd6 14. 0-0-0 Bxg3 15. Bb5 Be6 16. e4 a6 17. exd5 Bxd5 18. Qf5 Be6 19. Bxc6+ bxc6 20. Qd3 Bf4 21. Rde1 Qd7 22. Nce4 Qe7 23. Rhf1 Bh6 24. Kb1 Kf8 25. Nc5 Kg7 26. Nxe6+ fxe6 27. Nc4 Rhf8 28. Ne5 Rf6 29. Rxf6 Qxf6 30. Rf1 Bf4 31. g3 Bxe5 32. Rxf6 Bxf6 33. Qe4 Rd8 34. Qxc6 Rxd4 35. Qxc7+ Kg6 36. b3 Rd2 37. Kc1 Rg2 38. Qf4 Rxa2 39. Qe4+ Kg7 40. Qxe6 Ra1+ 41. Kc2 a5 42. Qf5 Ra2+ 43. Kd3 Rg2 44. Qf4 Rg1 45. Kc4 Rb1 46. Qf5 Rc1+ 47. Kb5 Rc3 48. Ka4 Rxg3 49. Qxh5 Rg1 50. Qf5 g3 51. h5 Ba1 52. Qg6+ Kf8 53. Qd6+ Kf7 54. Qd7+ Kf6 55. Qc6+ Kf7 56. Qb7+ Kg8 57. Qb8+ Kh7 58. Qa7+ 1-0

[Event "Titled Tuesday intern op 19th Dec Early"]
[Site "Chess.com INT"]
[Date "2023.12.19"]
[Round "6"]
[White "Rogov, Matfey"]
[Black "Rodriguez Santiago, Jaime"]
[Result "1-0"]
[WhiteElo "2213"]
[BlackElo "2043"]
[PlyCount "39"]
[EventDate "2023.12.19"]
[EventType "swiss (blitz)"]
[EventRounds "11"]
[EventCountry "USA"]
[SourceTitle "CB52_2023"]
[SourceDate "2023.12.27"]
[SourceVersion "1"]
[SourceVersionDate "2023.12.27"]
[SourceQuality "1"]

1. Nc3 Nf6 2. e4 d6 3. d4 g6 4. Bf4 Bg7 5. Qd2 c6 6. 0-0-0 Nbd7 7. Bh6 Bxh6 8. Qxh6 b5 9. e5 dxe5 10. dxe5 Ng4 11. Qg7 Rf8 12. Nh3 Qb6 13. f4 b4 14. Na4 Qe3+ 15. Kb1 h6 16. Bd3 Nf2 17. Nxf2 Qxf2 18. e6 Nf6 19. exf7+ Rxf7 20. Qh8+ 1-0

[Event "Titled Tuesday intern op 19th Dec Early"]
[Site "Chess.com INT"]
[Date "2023.12.19"]
[Round "1"]
[White "Thorfinnsson, Bragi"]
[Black "Rodriguez Santiago, Jaime"]
[Result "1-0"]
[WhiteElo "2397"]
[BlackElo "2043"]
[PlyCount "57"]
[EventDate "2023.12.19"]
[EventType "swiss (blitz)"]
[EventRounds "11"]
[EventCountry "USA"]
[SourceTitle "CB52_2023"]
[SourceDate "2023.12.27"]
[SourceVersion "1"]
[SourceVersionDate "2023.12.27"]
[SourceQuality "1"]

1. e4 c6 2. d4 d5 3. exd5 cxd5 4. Nf3 Nc6 5. Ne5 Nxe5 6. dxe5 a6 7. Bd3 g6 8. 0-0 Bg7 9. Re1 e6 10. Nd2 Ne7 11. Nf3 h6 12. b3 0-0 13. a4 b6 14. Ba3 Re8 15. Qe2 Bb7 16. Rad1 Nc6 17. h4 b5 18. h5 g5 19. axb5 axb5 20. Bd6 f5 21. exf6 Qxd6 22. fxg7 Kxg7 23. Bxb5 g4 24. Ne5 Nxe5 25. Bxe8 Rxe8 26. Qxe5+ Qxe5 27. Rxe5 Kf6 28. Rde1 Bc8 29. Rxd5 1-0

[Event "Titled Tuesday intern op 12th Dec Early"]
[Site "Chess.com INT"]
[Date "2023.12.12"]
[Round "7"]
[White "Rodriguez Santiago, Jaime"]
[Black "La Villa Rivas, Marlon Javier"]
[Result "0-1"]
[WhiteElo "2043"]
[BlackElo "2202"]
[PlyCount "82"]
[EventDate "2023.12.12"]
[EventType "swiss (blitz)"]
[EventRounds "11"]
[EventCountry "USA"]
[SourceTitle "CB51_2023"]
[SourceDate "2023.12.20"]
[SourceVersion "1"]
[SourceVersionDate "2023.12.20"]
[SourceQuality "1"]

1. d4 Nf6 2. c4 c5 3. d5 b5 4. cxb5 a6 5. bxa6 g6 6. Nc3 Bg7 7. e4 0-0 8. g3 Qa5 9. Nge2 Nxe4 10. Bd2 Nxd2 11. Qxd2 Bxa6 12. Bg2 d6 13. 0-0 Nd7 14. Rfd1 Rab8 15. Rab1 Ne5 16. b3 Nd3 17. a4 Bd4 18. Nxd4 cxd4 19. Nb5 Qxd2 20. Rxd2 Nc5 21. Nxd4 Nxa4 22. Nc6 Nc3 23. Rc1 Ne2+ 24. Rxe2 Bxe2 25. Nxb8 Rxb8 26. Rc3 Kg7 27. f4 Kf6 28. Kf2 Bd1 29. Rc1 Bxb3 30. Ke3 Ba4 31. Kd4 Rb2 32. Rg1 e5+ 33. dxe6 fxe6 34. h3 e5+ 35. fxe5+ dxe5+ 36. Ke3 Ke6 37. Be4 Bb3 38. Ra1 Bc4 39. Ra4 Bb5 40. Ra8 Re2+ 41. Kf3 Rxe4 0-1

[Event "Titled Tuesday intern op 12th Dec Early"]
[Site "Chess.com INT"]
[Date "2023.12.12"]
[Round "2"]
[White "Rodriguez Santiago, Jaime"]
[Black "Spichkin, Alexander"]
[Result "0-1"]
[WhiteElo "2043"]
[BlackElo "2035"]
[PlyCount "82"]
[EventDate "2023.12.12"]
[EventType "swiss (blitz)"]
[EventRounds "11"]
[EventCountry "USA"]
[SourceTitle "CB51_2023"]
[SourceDate "2023.12.20"]
[SourceVersion "1"]
[SourceVersionDate "2023.12.20"]
[SourceQuality "1"]

1. d4 e6 2. c4 f5 3. g3 Nf6 4. Bg2 Be7 5. Nf3 d6 6. Nc3 0-0 7. 0-0 a5 8. Qc2 Nc6 9. a3 e5 10. dxe5 dxe5 11. e4 Qe8 12. exf5 Qh5 13. Nh4 Nd4 14. Qd1 Qxd1 15. Rxd1 c6 16. Be3 Nxf5 17. Nxf5 Bxf5 18. Rd2 Be6 19. c5 Bb3 20. Ne4 Nd5 21. Nd6 Nxe3 22. fxe3 Rfd8 23. Rf1 Bg5 24. Kf2 a4 25. Ne4 Rf8+ 26. Ke1 Bxe3 27. Rxf8+ Rxf8 28. Rd7 Rb8 29. Nd6 Bxc5 30. Nxb7 Bb6 31. Bxc6 e4 32. Nd6 Ba5+ 33. Ke2 Be6 34. Re7 Bg4+ 35. Ke3 h5 36. Nxe4 Rxb2 37. Bd5+ Kh7 38. Ng5+ Kg6 39. Nf7 Re2+ 40. Kf4 Rxe7 41. Ng5 Bc7# 0-1

[Event "Titled Tuesday intern op 22nd Aug Early"]
[Site "Chess.com INT"]
[Date "2023.08.22"]
[Round "11"]
[White "Harriott, Tyrell"]
[Black "Rodriguez Santiago, Jaime"]
[Result "0-1"]
[WhiteElo "1778"]
[BlackElo "2020"]
[PlyCount "132"]
[EventDate "2023.08.22"]
[EventType "swiss (blitz)"]
[EventRounds "11"]
[EventCountry "USA"]
[SourceTitle "EXT 2024"]
[Source "ChessBase"]
[SourceDate "2023.10.10"]
[SourceVersion "1"]
[SourceVersionDate "2023.10.10"]
[SourceQuality "1"]

1. d4 Nf6 2. e3 d5 3. Bd3 c5 4. c3 Nc6 5. f4 Bg4 6. Ne2 cxd4 7. exd4 e6 8. Nd2 Bd6 9. 0-0 0-0 10. Nf3 Ne4 11. Bxe4 dxe4 12. Ng5 Bf5 13. Ng3 Bg6 14. N5xe4 Bc7 15. f5 exf5 16. Nxf5 Re8 17. Qf3 Qd7 18. Neg3 Rad8 19. Bg5 f6 20. Bf4 Bb6 21. Nd6 Re6 22. Nc4 Bc7 23. Bxc7 Qxc7 24. d5 Ne5 25. Nxe5 Rxe5 26. Rad1 Qc5+ 27. Kh1 Rexd5 28. Rxd5 Qxd5 29. Qf2 b6 30. a3 Qd2 31. h3 Qxf2 32. Rxf2 Rd1+ 33. Kh2 Rb1 34. Rd2 h5 35. h4 Bf7 36. Ne2 Be6 37. Nf4 Bg4 38. Kg3 Kh7 39. Kf2 g5 40. Nd5 Kg6 41. Nc7 gxh4 42. Nd5 h3 43. gxh3 Bf5 44. Nf4+ Kg5 45. Ke3 Re1+ 46. Ne2 Bxh3 47. Kf2 Rf1+ 48. Kg3 Bg4 49. Nd4 h4+ 50. Kg2 Rb1 51. Rf2 f5 52. Ne6+ Kh5 53. Nf4+ Kh6 54. Nd5 Kg5 55. Ne7 h3+ 56. Kh2 Re1 57. Nd5 Re2 58. Rxe2 Bxe2 59. Ne7 Bg4 60. Nc8 Kf4 61. Nxa7 Ke3 62. Nc8 f4 63. Nxb6 f3 64. Nc4+ Ke2 65. Ne5 f2 66. Nxg4 f1Q 0-1

[Event "Titled Tuesday intern op 22nd Aug Early"]
[Site "Chess.com INT"]
[Date "2023.08.22"]
[Round "9"]
[White "Hartikainen, Jarmo"]
[Black "Rodriguez Santiago, Jaime"]
[Result "0-1"]
[WhiteElo "2108"]
[BlackElo "2020"]
[PlyCount "62"]
[EventDate "2023.08.22"]
[EventType "swiss (blitz)"]
[EventRounds "11"]
[EventCountry "USA"]
[SourceTitle "EXT 2024"]
[Source "ChessBase"]
[SourceDate "2023.10.10"]
[SourceVersion "1"]
[SourceVersionDate "2023.10.10"]
[SourceQuality "1"]

1. e4 c6 2. d4 d5 3. Nc3 dxe4 4. Nxe4 Nf6 5. Nxf6+ exf6 6. Bf4 Be7 7. c3 0-0 8. Bd3 Re8 9. Ne2 Nd7 10. h4 Nb6 11. Qc2 h6 12. 0-0-0 Nd5 13. Bd2 b5 14. Nf4 Nxf4 15. Bxf4 Be6 16. g4 Qd5 17. g5 fxg5 18. hxg5 Bxg5 19. Bxg5 Qxg5+ 20. Kb1 Qd5 21. b3 a5 22. Rdg1 Kf8 23. Rh4 a4 24. c4 axb3 25. axb3 bxc4 26. Bxc4 Qa5 27. Kc1 Bf5 28. Bd3 Bxd3 29. Qxd3 Qa1+ 30. Qb1 Qc3+ 31. Qc2 Ra1# 0-1

[Event "Titled Tuesday intern op 22nd Aug Late"]
[Site "Chess.com INT"]
[Date "2023.08.22"]
[Round "3"]
[White "Rodriguez Santiago, Jaime"]
[Black "Bilan, Danila"]
[Result "1/2-1/2"]
[WhiteElo "2020"]
[BlackElo "2303"]
[PlyCount "133"]
[EventDate "2023.08.22"]
[EventType "swiss (blitz)"]
[EventRounds "11"]
[EventCountry "USA"]
[SourceTitle "EXT 2024"]
[Source "ChessBase"]
[SourceDate "2023.10.10"]
[SourceVersion "1"]
[SourceVersionDate "2023.10.10"]
[SourceQuality "1"]

1. c4 c6 2. d4 d5 3. cxd5 cxd5 4. Bf4 Nc6 5. e3 Nf6 6. Nc3 Bf5 7. Qb3 Na5 8. Qa4+ Bd7 9. Qc2 Rc8 10. Bd3 e6 11. Nf3 Nc4 12. 0-0 Bb4 13. Rac1 0-0 14. Qe2 Qa5 15. Bxc4 Rxc4 16. Ne5 Rcc8 17. Bg5 Bxc3 18. Nxd7 Nxd7 19. bxc3 Rxc3 20. Rxc3 Qxc3 21. Qb5 Nb6 22. h3 Qc4 23. Qb2 Rc8 24. Be7 h6 25. Rb1 Qc2 26. Bc5 Qxb2 27. Rxb2 Rc6 28. Rb4 f5 29. a4 Nd7 30. Rxb7 Nxc5 31. dxc5 Rxc5 32. Rxa7 Rc1+ 33. Kh2 Rc2 34. Kg3 Rc4 35. a5 Ra4 36. a6 Kh7 37. h4 Kg6 38. Kh3 Kf6 39. g3 g5 40. h5 g4+ 41. Kg2 Kg5 42. Rg7+ Kxh5 43. a7 e5 44. Kf1 Ra2 45. Rd7 d4 46. exd4 exd4 47. Rxd4 Rxa7 48. Kg2 Kg5 49. Rd8 Rg7 50. Rd5 h5 51. Rc5 Rf7 52. Rb5 h4 53. gxh4+ Kxh4 54. Rb8 Rd7 55. Rh8+ Kg5 56. Rg8+ Kf4 57. Rb8 Rd4 58. Rb3 Kg5 59. Rb8 f4 60. Rg8+ Kf5 61. Rf8+ Ke4 62. Re8+ Kf5 63. Rf8+ Ke5 64. Re8+ Kf6 65. Rf8+ Kg5 66. Rg8+ Kf5 67. Rf8+ 1/2-1/2

[Event "Titled Tuesday intern op 15th Aug Early"]
[Site "Chess.com INT"]
[Date "2023.08.15"]
[Round "11"]
[White "Jakobeit, David"]
[Black "Rodriguez Santiago, Jaime"]
[Result "0-1"]
[WhiteElo "2210"]
[BlackElo "2020"]
[PlyCount "74"]
[EventDate "2023.08.15"]
[EventType "swiss (blitz)"]
[EventRounds "11"]
[EventCountry "USA"]
[SourceTitle "EXT 2024"]
[Source "ChessBase"]
[SourceDate "2023.10.10"]
[SourceVersion "1"]
[SourceVersionDate "2023.10.10"]
[SourceQuality "1"]

1. e4 c6 2. d4 d5 3. f3 dxe4 4. fxe4 e5 5. Nf3 Bg4 6. c3 Bd6 7. Nbd2 Nd7 8. Be2 Ngf6 9. Nc4 Bc7 10. Nfxe5 Bxe2 11. Qxe2 Nxe5 12. Nxe5 0-0 13. 0-0 Bxe5 14. dxe5 Nd7 15. Bf4 Qe7 16. Qh5 Rae8 17. Rad1 Qc5+ 18. Kh1 Nxe5 19. Bxe5 Rxe5 20. Rf5 Rxf5 21. Qxf5 Qe3 22. Qf3 Qg5 23. h3 Qe7 24. Qf5 g6 25. Qg4 Re8 26. Rd7 Qf6 27. Rxb7 h5 28. Qf3 Qe6 29. Rxa7 Rd8 30. Kh2 Rd2 31. Qg3 Rxb2 32. Ra8+ Kh7 33. Rf8 Kg7 34. Rb8 Qxe4 35. Rxb2 h4 36. Rc2 hxg3+ 37. Kxg3 Qxc2 0-1

[Event "Titled Tuesday intern op 15th Aug Late"]
[Site "Chess.com INT"]
[Date "2023.08.15"]
[Round "4"]
[White "Rodriguez Santiago, Jaime"]
[Black "Bongo Akanga Ndjila, Barthelemy"]
[Result "0-1"]
[WhiteElo "2020"]
[BlackElo "1824"]
[PlyCount "70"]
[EventDate "2023.08.15"]
[EventType "swiss (blitz)"]
[EventRounds "11"]
[EventCountry "USA"]
[SourceTitle "EXT 2024"]
[Source "ChessBase"]
[SourceDate "2023.10.10"]
[SourceVersion "1"]
[SourceVersionDate "2023.10.10"]
[SourceQuality "1"]

1. d4 d5 2. c4 e6 3. Nc3 Nf6 4. Bg5 Be7 5. Nf3 0-0 6. e3 b6 7. Bd3 Bb7 8. 0-0 Nbd7 9. Rc1 dxc4 10. Bxc4 Nd5 11. Bxe7 Qxe7 12. Nxd5 exd5 13. Bd3 c5 14. dxc5 Nxc5 15. Bb1 Rfe8 16. Qc2 Ne4 17. Nd4 Rac8 18. Qd3 g6 19. Rfd1 Qf6 20. f3 Nc5 21. Qd2 Qe5 22. Re1 a6 23. b4 Na4 24. Bd3 b5 25. a3 Nb6 26. Nb3 Nc4 27. Bxc4 dxc4 28. Nc5 Rcd8 29. Qf2 Bc8 30. e4 Rd4 31. Nxa6 Bxa6 32. f4 Qd6 33. e5 Qd5 34. Qg3 Rd2 35. f5 Bb7 0-1

[Event "Titled Tuesday intern op 15th Aug Late"]
[Site "Chess.com INT"]
[Date "2023.08.15"]
[Round "1"]
[White "Rodriguez Santiago, Jaime"]
[Black "Gasparyan, Davit"]
[Result "0-1"]
[WhiteElo "2020"]
[BlackElo "2157"]
[PlyCount "68"]
[EventDate "2023.08.15"]
[EventType "swiss (blitz)"]
[EventRounds "11"]
[EventCountry "USA"]
[SourceTitle "EXT 2024"]
[Source "ChessBase"]
[SourceDate "2023.10.10"]
[SourceVersion "1"]
[SourceVersionDate "2023.10.10"]
[SourceQuality "1"]

1. d4 Nf6 2. c4 e6 3. Nc3 d5 4. cxd5 exd5 5. Bg5 Be7 6. e3 h6 7. Bh4 c6 8. Bd3 0-0 9. Nge2 Bg4 10. f3 Be6 11. Qc2 Nbd7 12. 0-0 Rc8 13. e4 dxe4 14. fxe4 Ng4 15. Bxe7 Qxe7 16. Qd2 Rfd8 17. h3 Ngf6 18. Qf4 Nf8 19. Rae1 Ng6 20. Qf2 Qc7 21. e5 Nd5 22. Bxg6 fxg6 23. Ne4 Rf8 24. Qg3 g5 25. N2c3 Nf4 26. Nd6 Rcd8 27. Nce4 Qb6 28. Nc5 Bd5 29. Rf2 Qb4 30. Rd1 b6 31. Nce4 Bxe4 32. Nxe4 Rxd4 33. Rxd4 Qxd4 34. Nd6 Ne2+ 0-1